Low frequency noise affects health (Record no. 72826)

MARC details
000 -LEADER
fixed length control field 01146cam a2200217 4500
001 - CONTROL NUMBER
control field WB3921-08
008 - FIXED-LENGTH DATA ELEMENTS--GENERAL INFORMATION
fixed length control field 030604n2003 000 0 eng u
035 ## - SYSTEM CONTROL NUMBER
System control number (Sirsi) u122524
245 ## - TITLE STATEMENT
Title Low frequency noise affects health
260 ## - PUBLICATION, DISTRIBUTION, ETC.
Date of publication, distribution, etc. 2003
490 ## - SERIES STATEMENT
Series statement DEFRA News Release
Volume/sequential designation (200/03) 4 June 2003 (2)
490 ## - SERIES STATEMENT
Series statement DEFRA News Release
Volume/sequential designation (199/03) 4 June 2003 (3)
520 ## - SUMMARY, ETC.
Summary, etc. "A review of published research on low frequency noise and its effects" has been issued by DEFRA, which looks at the impact of low frequency noise on annoyance, sleep patterns, stress and other aspects of human behaviour. It makes recommendations as to its management and examines its causes and results. The launch of the report coincides with national Noise Action Day. Copies of the report are available from +44 (0)8459 335577 or download from http://www.defra.gov.uk/. http://www.defra.gov.uk/news/2003/030604b.htm http://www.defra.gov.uk/news/2003/030604a.htm
590 ## - LOCAL NOTE (RLIN)
Local note WB
650 ## - SUBJECT ADDED ENTRY--TOPICAL TERM
Topical term or geographic name entry element NOISE LEVELS
650 ## - SUBJECT ADDED ENTRY--TOPICAL TERM
Topical term or geographic name entry element LOW FREQUENCY NOISE
650 ## - SUBJECT ADDED ENTRY--TOPICAL TERM
Topical term or geographic name entry element AMBIENT NOISE
650 ## - SUBJECT ADDED ENTRY--TOPICAL TERM
Topical term or geographic name entry element NUISANCE
690 ## - LOCAL SUBJECT ADDED ENTRY--TOPICAL TERM (OCLC, RLIN)
Topical term or geographic name as entry element ENVIRONMENTAL AND LAND CONSULTANCY
942 ## - ADDED ENTRY ELEMENTS (KOHA)
Suppress in OPAC 0
Holdings
Withdrawn status Lost status Source of classification or shelving scheme Damaged status Not for loan Home library Current library Shelving location Date acquired Total Checkouts Full call number Barcode Date last seen Copy number Price effective from Koha item type
    Dewey Decimal Classification     London London News article 04/06/2003   WB3921-08 122524-1001 06/08/2019 1 06/08/2019 News article